Hydrology and water quality of the Eocene Wilcox group : significance for lignite development in east Texas /

Bibliographic Details
Main Author: Henry, Christopher D.
Other Authors: Basciano, Joyce M., Duex, Timothy W.
Format: Book
Language:English
Published: Austin : Bureau of Economic Geology, University of Texas at Austin, 1980.
Series:Geological circular (University of Texas at Austin. Bureau of Economic Geology) ; 80-3.
Subjects:

MARC

Tag First Indicator Second Indicator Subfields
LEADER 00000cam a2200000 i 4500
001 in00000891413
005 20151019143154.0
008 800626s1980 txua s00010 eng d
035 |a (OCoLC)06462944 
035 |9 AEK7255AM 
040 |a IKM  |c IKM  |d m.c.  |d m/c  |d TXA  |d UtOrBLW 
049 |a TXAC  |c [A12342562] 
050 4 |a TN834.U5  |b H46 1980 
082 0 4 |a 553/.09764 s 
090 |a TN24.T4  |b T3 80-3 
100 1 |a Henry, Christopher D. 
245 1 0 |a Hydrology and water quality of the Eocene Wilcox group :  |b significance for lignite development in east Texas /  |c by Christopher D. Henry, Joyce M. Basciano, and Timothy W. Duex. 
264 1 |a Austin :  |b Bureau of Economic Geology, University of Texas at Austin,  |c 1980. 
300 |a 9 pages :  |b illustrations, graph ;  |c 28 cm. 
336 |a text  |b txt  |2 rdacontent 
337 |a unmediated  |b n  |2 rdamedia 
338 |a volume  |b nc  |2 rdacarrier 
490 1 |a Geological circular / Bureau of Economic Geology, University of Texas at Austin ;  |v 80-3 
500 |a Tx Doc number: Z, UA220.7, G292, 80-3. 
504 |a Bibliography: page 9. 
650 0 |a Lignite  |z Texas. 
700 1 |a Basciano, Joyce M. 
700 1 |a Duex, Timothy W. 
830 0 |a Geological circular (University of Texas at Austin. Bureau of Economic Geology) ;  |v 80-3. 
999 |a MARS 
999 f f |s 8437f750-12d0-378b-82c4-4b46c8c8cdc0  |i 3eaeea3d-34e9-3b28-843b-45ce149da54a  |t 0 
952 f f |p ric  |a Texas A&M University  |b Rellis Campus  |c Joint Library Facility  |d Remote Storage  |t 0  |e TN834.U5 H46 1980  |h Library of Congress classification  |i unmediated -- volume  |m A14812342562 
952 f f |p ric  |a Texas A&M University  |b Rellis Campus  |c Joint Library Facility  |d Remote Storage  |t 0  |e TN24.T4 T3 80-3  |h Library of Congress classification  |i unmediated -- volume  |k 80-3  |m A14807264458 
998 f f |a TN834.U5 H46 1980  |t 0  |l Remote Storage 
998 f f |a TN24.T4 T3 80-3  |t 0  |l Remote Storage